00867nam a2200241 c 450000500170000000800390001701500120005602000180006804000610008604100080014706000110015510000300016624501270019626000510032330000650037450400530043965000180049265000210051065000220053165000130055370000200056670000390058620251201100808.0150211s2014 sp ado fr|||| 001 0 spa aMON1411 a9788498357707 aCO-BoUCMbspacJose A. GerenadDavid Moreno (modificó)0 aspa aWL 1011 aGarcía-Porrero, Juan A.10aNeuroanatomía humanacJuan A. García-Porrero Pérez, Juan M. Hurlé González ; ilustraciones Lucía Ezquerra Polo aMadrid (España)bMédica Panamericanac2015 axii, 404 páginasbilustraciones, gráficas, fotografías aIncluye referencias bibliográficas e índices 7aNeurología  7aNeuroanatomía  7aSistema nervioso  7aCerebro 1 aHurlé, Juan M1 aEzquerra Polo, Lucíaeilustrador